01518 a2200169 45000010006000000050017000060080041000230030015000640400040000790800104001192450042002232640079002653000019003445050934003631000027012977000024013245775720260407155837.0260407a2001 arg spa dAR-UNSa-BCEJYS aAR-UNSa-BCEJYSbspacAR-UNSa-BCEJYS a351.72xFinanzas públicas. Legislación (Contabilidad Pública, Administración financiera...)10aLecturas de contabildad gubernamental 1aLa Plata :b(EDULP) Editorial de la Universidad Nacional de la Platac2001 a413 p.c21 cm. a1. Conocimiento de la hacienda pública – 2. Sistema de información contable – 3. La contabilidad, su concepción general y su aplicación en la hacienda pública – 4. Modelo contable para la hacienda pública – 5. El sistema contable de la hacienda pública – 6. Análisis del sistema contable – 7. Sistema de información contable de la hacienda nacional – 8. Sistema de información contable de la hacienda nacional. Ejercicio práctico – 9. Sistema de información contable de la Prov. De Bs. As. Ejercicio práctico – 10. Sistema de información contable de los municipios de la Pcia. De Bs. As – 11. Sistema de información contable de los municipios de Bs. As. Ejercicio práctico – 12. Comparación de los sistemas contables vigentes en Nación, Provincia y Municipios de la provincia de Buenos Aires – 13. Ejercicio práctico para demostrar diferencias entre los tres sistemas1 aTorga, Pascual Alberto1 aVersino, Elsa Irene